000
00226nam a22000857a 4500
008
160916b xxu||||| |||| 00| 0 eng d
100
_9
568
_a
Perera.S
245
_a
Environment Studies-1
260
_a
New Delhi
_b
Frank publications
_c
2012
999
_c
3224
_d
3224